00801nam a2200205 i 4500001000700000003000900007005001700016008004100033080002100074100002700095245007600122260004700198300003500245490003000280700002800310830003800338852007700376999001900453952012300472170160ES-MaACL20230906214315.0090206s1931 fr |||| | fre d a821.133.1-34"18"0 aLouys, Pierre.913937810aContes choisis / cPierre Louÿs ; 50 bois originaux de Jean Lebedeff. aParis : bArthème Fayard et Cie, c1931. a124, [2] p. : bil. ; c24 cm.1 aLe livre de demain ; v781 aLebedeff, Jean.91393790 aLe livre de demain ; v7891834044 aES-MaACLjE-12424 9R.140610 z. - Biblioteca Jacinto Martínez Lacalle c170160d170160 00104070aATENEOMbATENEOMcDEPO2d2009-02-06eDONl0oE-12424p1178645r2023-02-23 00:00:00w2023-02-23yMONOGRAFIA